000 00681nam a22001937a 4500
005 20151215143319.0
010 _a ENG-111413-414
020 _a9789351433149 (v.1)
_c1350.00
020 _a9789351433156 (v.2)
_c1350.00
035 _aEN-94945-946
037 _bDBAD/PUB
082 _a000
245 _aJigeesha's general studies handbook for Civil Services (preliminary) examinations
260 _aGurgaon
_bLexis Nexis
_c(201?)
270 _a14th Floor, Building No.10, Tower-B, DLF Cyber City, Phase-II
_bGurgaon
_e122002
300 _a2V. (various pagings; various pagings)
_c28cm(pbk)
490 _aCATAPULT test prep series
942 _2ddc
_cEN
_mJIG
_h000
999 _c90562
_d90562